[Event "Windsor NAYCC U12 Girls"]
[Site "Windsor"]
[Date "2016.08.08"]
[Round "2.117"]
[White "Garai, Antara"]
[Black "Kao, Simona"]
[Result "1-0"]
[WhiteElo "1465"]
[BlackElo "1289"]
[PlyCount "93"]
[EventDate "2016.08.07"]
[EventType "swiss"]
[EventRounds "9"]
[EventCountry "CAN"]
[SourceTitle "EXT 2022"]
[Source "ChessBase"]
[SourceDate "2021.10.06"]
[SourceVersion "1"]
[SourceVersionDate "2021.10.06"]
[SourceQuality "1"]

1. e4 e5 2. Nf3 Nc6 3. Bb5 a6 4. Ba4 Nf6 5. 0-0 Bc5 6. Nc3 d6 7. d3 b5 8. Bb3 Na5 9. Bg5 Nxb3 10. axb3 h6 11. Bxf6 Qxf6 12. Nxb5 Qd8 13. d4 Bb7 14. dxc5 axb5 15. Rxa8 Bxa8 16. cxd6 cxd6 17. Qd3 0-0 18. Rd1 Qc7 19. Nd2 Re8 20. c3 Qd7 21. Nf1 Rd8 22. Ne3 Bc6 23. Nf5 Qe6 24. Qg3 Qf6 25. Qe3 Rd7 26. f3 d5 27. Qb6 Rb7 28. Qe3 Rd7 29. Qb6 Rb7 30. Qc5 dxe4 31. Nd6 exf3 32. Qxc6 Re7 33. Qxf3 Qe6 34. Qd5 Qg4 35. Qa8+ Kh7 36. Qe4+ Qxe4 37. Nxe4 f5 38. Nc5 e4 39. Kf2 e3+ 40. Ke2 f4 41. g3 g5 42. gxf4 gxf4 43. Rd7 Rxd7 44. Nxd7 Kg6 45. Nc5 Kf5 46. Kf3 Ke5 47. Nd3+ 1-0

[Event "Pan American-ch U12 Girls 27th"]
[Site "Montevideo"]
[Date "2016.07.26"]
[Round "3"]
[White "Rodriguez Marquez, Luz Mar"]
[Black "Kao, Simona"]
[Result "1-0"]
[WhiteElo "1421"]
[BlackElo "1289"]
[PlyCount "143"]
[EventDate "2016.07.25"]
[EventType "swiss"]
[EventRounds "9"]
[EventCountry "URU"]
[SourceTitle "EXT 2017"]
[Source "ChessBase"]
[SourceDate "2016.10.25"]
[SourceVersion "1"]
[SourceVersionDate "2016.10.25"]
[SourceQuality "1"]

1. e4 e5 2. Nf3 Nc6 3. d4 exd4 4. Nxd4 Bc5 5. Nb3 Bb6 6. Nc3 Nf6 7. Qe2 0-0 8. Be3 Bxe3 9. Qxe3 d5 10. 0-0-0 Be6 11. exd5 Nxd5 12. Nxd5 Bxd5 13. c4 Nb4 14. cxd5 Nxd5 15. Qf3 Qg5+ 16. Kb1 Nb4 17. a3 Qg6+ 18. Bd3 Nxd3 19. Rxd3 Rad8 20. Rhd1 Rxd3 21. Rxd3 Rd8 22. Nc1 h6 23. Ka1 Rb8 24. Qg3 Qxg3 25. Rxg3 Rd8 26. Rd3 Rxd3 27. Nxd3 Kf8 28. b4 Ke7 29. Kb2 Kd6 30. Kc3 Kd5 31. f3 f5 32. Nc5 b6 33. Na6 c6 34. Nc7+ Ke5 35. Kd3 g6 36. g3 g5 37. h3 h5 38. Ne8 h4 39. gxh4 gxh4 40. Ke3 f4+ 41. Kd3 Kd5 42. Nf6+ Ke5 43. Ne4 Kd5 44. Nc3+ Ke5 45. a4 a6 46. b5 cxb5 47. axb5 axb5 48. Nxb5 Kd5 49. Nc3+ Ke5 50. Kc4 Kf5 51. Kd5 Kf6 52. Ke4 Kg5 53. Ke5 b5 54. Nxb5 Kh5 55. Kxf4 Kh6 56. Nd6 Kh5 57. Ne4 Kh6 58. Kg4 Kg6 59. f4 Kh6 60. f5 Kg7 61. Kg5 Kf7 62. Nd6+ Kg7 63. f6+ Kg8 64. Kg6 Kh8 65. Kf5 Kh7 66. Ke6 Kg8 67. Ke7 Kh7 68. f7 Kh8 69. f8Q+ Kh7 70. Qf5+ Kh8 71. Qg5 Kh7 72. Kf7 1-0

[Event "Toronto NAYCC U10 Girls"]
[Site "Toronto"]
[Date "2013.08.16"]
[Round "4"]
[White "Rajsic, Charlotte"]
[Black "Kao, Simona"]
[Result "0-1"]
[WhiteElo "761"]
[BlackElo "1085"]
[PlyCount "60"]
[EventDate "2013.08.14"]
[EventType "swiss"]
[EventRounds "9"]
[EventCountry "CAN"]
[SourceTitle "EXT 2022"]
[Source "ChessBase"]
[SourceDate "2021.10.06"]
[SourceVersion "1"]
[SourceVersionDate "2021.10.06"]
[SourceQuality "1"]

1. Nf3 Nc6 2. g3 e5 3. d3 d5 4. Bg2 Nf6 5. 0-0 Bg4 6. h3 Bh5 7. Bd2 Be7 8. c4 dxc4 9. dxc4 0-0 10. Nc3 h6 11. Qc2 Bg6 12. Qa4 Bh5 13. Be3 a6 14. Rad1 Qb8 15. Rd2 b5 16. cxb5 axb5 17. Qxb5 Qxb5 18. Nxb5 Rxa2 19. Nxc7 Bb4 20. Rc2 Ne7 21. g4 Bg6 22. Nxe5 Bxc2 23. Bd4 Rd8 24. Bb6 Rxb2 25. Na6 Rd1 26. Kh2 Bd6 27. f4 Rxf1 28. Bxf1 Nfd5 29. Nc4 Bxf4+ 30. Kg2 Rb1 0-1